Basic electrical engineering (Record no. 133019)

000 -LEADER
fixed length control field 00362nam a2200133Ia 4500
008 - FIXED-LENGTH DATA ELEMENTS--GENERAL INFORMATION
fixed length control field 220120s9999||||xx |||||||||||||| ||und||
020 ## - INTERNATIONAL STANDARD BOOK NUMBER
International Standard Book Number 9788192616933
082 ## - DEWEY DECIMAL CLASSIFICATION NUMBER
Classification number 621.3 CHA
100 ## - MAIN ENTRY--PERSONAL NAME
Personal name Chandrashekaraiah, P.M
245 #0 - TITLE STATEMENT
Title Basic electrical engineering
260 ## - PUBLICATION, DISTRIBUTION, ETC.
Place of publication, distribution, etc. Rajeshwari publications
Name of publisher, distributor, etc. Beengaluru
Date of publication, distribution, etc. 2014
300 ## - PHYSICAL DESCRIPTION
Extent 597p.
Other physical details 330
650 ## - SUBJECT ADDED ENTRY--TOPICAL TERM
Topical term or geographic name entry element MECHANICAL
Holdings
Withdrawn status Lost status Damaged status Not for loan Collection code Home library Current library Date acquired Barcode Date last seen Price effective from Koha item type
        Electronics and Communication Engineering Central Library Central Library 01/20/2022 ST675 01/20/2022 01/20/2022 Scheduled Tribe Book Bank

Powered by Koha